000 00558pab a2200181 454500
008 180718b1997 xxu||||| |||| 00| 0 eng d
100 _aPichon, Francisco, J.
245 _aAgricultural intensification and poverty reduction in Latin America's risk: prone areas: opportunities and challenges
260 _c1997
300 _ap.479-514
362 _aSummer
650 _aAgriculture - Latin America
650 _aPoverty - Latin America
650 _aPoverty
700 _aUquillas, Jorge E.
773 _aJournal of Developing Areas
909 _a37057
999 _c37057
_d37057